[Event "Teplice op 10th"]
[Site "Teplice"]
[Date "2015.06.20"]
[Round "8"]
[White "Kudela, Stanislav"]
[Black "Stehlik, Jiri"]
[Result "0-1"]
[WhiteElo "1884"]
[BlackElo "1970"]
[PlyCount "118"]
[EventDate "2015.06.13"]
[EventType "swiss"]
[EventRounds "9"]
[EventCountry "CZE"]
[SourceTitle "EXT 2017"]
[Source "ChessBase"]
[SourceDate "2016.10.25"]
[SourceVersion "1"]
[SourceVersionDate "2016.10.25"]
[SourceQuality "1"]

1. e4 c5 2. Nf3 Nc6 3. c3 Nf6 4. Bd3 d6 5. 0-0 g6 6. Re1 Bg7 7. Bc2 Bg4 8. Ba4 Nd7 9. h3 Bxf3 10. Qxf3 c4 11. Bxc6 bxc6 12. Na3 Ne5 13. Qe2 Nd3 14. Rf1 d5 15. b4 0-0 16. Nc2 e6 17. a4 Rb8 18. Rb1 a6 19. Ba3 Re8 20. Ne1 Nf4 21. Qg4 Bh6 22. e5 f6 23. g3 f5 24. Qd1 Nxh3+ 25. Kg2 Ng5 26. Rh1 Bf8 27. d4 Rb7 28. a5 h6 29. Ra1 Rh7 30. Bc1 h5 31. Be3 Qe7 32. f3 Nf7 33. Qd2 Bh6 34. Kf2 Bxe3+ 35. Qxe3 h4 36. gxh4 Rxh4 37. Ng2 Rxh1 38. Rxh1 Kg7 39. f4 Rh8 40. Rxh8 Kxh8 41. Qg3 Kh7 42. Qh2+ Kg7 43. Kf3 Nh6 44. Ne3 Nf7 45. Qg3 g5 46. Ke2 Qd8 47. Qg2 Qh8 48. Nxc4 dxc4 49. Qxc6 Qh2+ 50. Kd1 Qg1+ 51. Ke2 gxf4 52. Qf3 Ng5 53. Qxf4 Ne4 54. Qf3 Qc1 55. Qe3 Nxc3+ 56. Kf3 Qh1+ 57. Kg3 f4+ 58. Qxf4 Ne2+ 59. Kg4 Qg2+ 0-1

[Event "Teplice op 8th"]
[Site "Teplice"]
[Date "2013.06.21"]
[Round "7"]
[White "Kudela, Stanislav"]
[Black "Pedersen, Henrik Bolding"]
[Result "0-1"]
[WhiteElo "1936"]
[BlackElo "2111"]
[PlyCount "156"]
[EventDate "2013.06.15"]
[EventType "swiss"]
[EventRounds "9"]
[EventCountry "CZE"]
[SourceTitle "CBM 155 Extra"]
[Source "ChessBase"]
[SourceDate "2013.08.26"]
[SourceVersion "1"]
[SourceVersionDate "2013.08.26"]
[SourceQuality "1"]

1. e4 d5 2. exd5 Qxd5 3. Nf3 Nf6 4. c4 Qd8 5. d4 Bg4 6. Be2 e6 7. 0-0 Be7 8. Qa4+ c6 9. Rd1 0-0 10. Nc3 Qc7 11. Bg5 Nbd7 12. Rac1 h6 13. Bh4 Bd6 14. Bg3 Bxg3 15. hxg3 Rfe8 16. b4 Rad8 17. b5 c5 18. Qc2 Bf5 19. Bd3 Bg4 20. Ne2 cxd4 21. Nexd4 e5 22. b6 axb6 23. Nb5 Qc5 24. Nd6 Re7 25. Nxb7 Qc7 26. Be4 Rb8 27. Nd6 Nc5 28. Bf5 e4 29. Bxg4 Nxg4 30. Nb5 Qc8 31. Nh2 Ne5 32. Rd4 Ned3 33. Rd1 Rd7 34. Rxd7 Qxd7 35. Nf1 Rd8 36. Ne3 Qb7 37. Nd5 Qa6 38. Nbc7 Qa5 39. Rb1 Rd6 40. Rb5 Qe1+ 41. Kh2 Nxf2 42. Rb1 Ng4+ 43. Kh3 Ne3 44. Rxe1 Nxc2 45. Re2 Na3 46. Ne3 Rd4 47. Ncd5 Nxc4 48. Nxc4 Rxc4 49. Nxb6 Rb4 50. Nd5 Rd4 51. Ne3 g6 52. g4 Kg7 53. g3 Ra4 54. Nd5 Ra3 55. Rc2 Nd3 56. Re2 Nc5 57. Rc2 Ne6 58. Re2 Ng5+ 59. Kg2 Rd3 60. Nb4 Rd4 61. Nc2 Ra4 62. Ne3 Kf6 63. Nd5+ Ke5 64. Nc3 Rc4 65. Nd1 Ne6 66. Ne3 Ra4 67. Kf2 Nc5 68. Rc2 Nd3+ 69. Ke2 Rxa2 70. Rxa2 Nc1+ 71. Kd2 Nxa2 72. Nc4+ Kd4 73. Nd6 e3+ 74. Ke1 f6 75. Ne8 Kd3 76. Nxf6 Nb4 77. Kf1 e2+ 78. Kf2 Nc2 0-1